000
00264nam a2200109Ia 4500
008
200302s9999 xx 000 0 und d
100
_a
Jurgen Tietz
245
_a
The Story of Modern Architecture
260
_b
Tandem Verlag Gmbh
260
_c
2008
300
_a
127 p.,
999
_c
4032
_d
4032